01365nam a22002537a 45000010005000000030006000050050017000110080041000280200018000690400030000870500009001170820011001261000018001372450110001552600042002653000047003074900032003545050007003865200621003935210028010145210018010426500018010607000033010786811FISKH20250529103731.0250529b cb ||||| |||| 00| 0 eng d a9781584768227 aFISKHbengcFISKHdFISKH  aPZ7  a808.3  aGaydos, Nora  aNir! read it, write it, draw it : bThe bus stop /cWritten by Nora Gaydos ; Illustrated by Nick Diggory  aNorwalk : bInnovative Kids, c2008.  a32 pages : cbolor illustrations ; c23 cm aNow i'm reading : vLevel 1 aG  aThis extension of the award-winning, best-selling series by acclaimed author, Nora Gaydos, engages kids in an entertaining, hands-on reading, writing, and drawing experience! Includes more than 20 stickers. Level 1 - The Reading section mixes short-vowel words, sight word reinforcement, simple sentences, and strong picture clues. The Writing section teaches penmanship, spelling reinforcement, simple word recognition and builds comprehension. The Drawing section allows coloring in pre-existing scenes and creative expression.In the Bus Stop, Duck finds some messy ways to pass the time while waiting for the bus.8 a300 bLexile estimate 8 aG bRaz-Plus  aBus vAnimals aDiggory, Nick eillustrator